survey on haemorrhagic septicemia and food and mouth disease of cattle at komponglang district, kompong chhnang province (ការអង្កេតលើជម្ងឺសាទឹក និង​អុតក្តាមលើសត្វគោនៅស្រុកកំពង់លែង ខេត្តកំពង់ឆ្នាំង) (Record no. 2591)

000 -LEADER
fixed length control field 00707nam a22001577a 4500
003 - CONTROL NUMBER IDENTIFIER
control field OSt
005 - DATE AND TIME OF LATEST TRANSACTION
control field 20151024132723.0
008 - FIXED-LENGTH DATA ELEMENTS--GENERAL INFORMATION
fixed length control field 151024b xxu||||| |||| 00| 0 eng d
040 ## - CATALOGING SOURCE
Transcribing agency RUA
082 ## - DEWEY DECIMAL CLASSIFICATION NUMBER
Classification number AVM HOY 2013 B104 Or.1
100 ## - MAIN ENTRY--PERSONAL NAME
9 (RLIN) 2769
Personal name HOY, PHALLYLAK.
245 ## - TITLE STATEMENT
Title survey on haemorrhagic septicemia and food and mouth disease of cattle at komponglang district, kompong chhnang province (ការអង្កេតលើជម្ងឺសាទឹក និង​អុតក្តាមលើសត្វគោនៅស្រុកកំពង់លែង ខេត្តកំពង់ឆ្នាំង)
260 ## - PUBLICATION, DISTRIBUTION, ETC. (IMPRINT)
Place of publication, distribution, etc. Phnom Penh
Name of publisher, distributor, etc. RUA
Date of publication, distribution, etc. 2013
300 ## - PHYSICAL DESCRIPTION
Extent ix, 35p.
Other physical details ill.
Dimensions 29cm.
942 ## - ADDED ENTRY ELEMENTS (KOHA)
Source of classification or shelving scheme
Koha item type AVM
Holdings
Price effective from Date last seen Permanent Location Not for loan Date acquired Source of classification or shelving scheme Koha item type Lost status Withdrawn status Total Renewals Date last checked out Total Checkouts Shelving location Damaged status Barcode Current Location Full call number
2015-10-242015-10-24Library Block B 2015-10-24 AVM     B104 RUA018081Library Block BAVM HOY 2013 B104 Or.1
2015-10-242015-10-24Library Block B 2015-10-24 AVM     B104 RUA018153Library Block BAVM HOY 2013 B104 Or.2
2015-10-242015-10-24Library Block B 2015-10-24 AVM     B104 RUA011671Library Block BAVM HOY 2013 B104 Or.3
2015-10-242016-05-30Library Block B 2015-10-24 AVM  22016-04-291B104 RUA011317Library Block BAVM HOY 2013 B104 Or.4
2015-10-242015-10-24Library Block B 2015-10-24 AVM     B104 RUA011174Library Block BAVM HOY 2013 B104 Or.5
2015-10-242015-10-24Library Block B 2015-10-24 AVM     B104 RUA011670Library Block BAVM HOY 2013 B104 Or.6
2015-10-242015-10-24Library Block B 2015-10-24 AVM     B104 RUA011387Library Block BAVM HOY 2013 B104 Or.7
2015-10-242019-11-19Library Block B 2015-10-24 AVM   2019-11-051B104 RUA011313Library Block BAVM HOY 2013 B104 Or.8
មជ្ឈមណ្ឌលឯការនៃសាកលវិទ្យាល័យភូមិន្ទកសិកម្មចំការដូង

Powered by Koha